| 000 | 00817cam a22002891 4500 | ||
|---|---|---|---|
| 001 | 2024128 | ||
| 003 | BD-DhUL | ||
| 005 | 20170424140400.0 | ||
| 008 | 740212s1931 nyu 00001 eng | ||
| 010 | _a31027212 | ||
| 035 | _a2024128 | ||
| 040 |
_aBD-DhUL _cBD-DhUL |
||
| 043 | _an-cn--- | ||
| 050 | 0 | 0 |
_aPZ3.C2858 _bSh |
| 051 |
_aPS3505.A87 _bS5 1931 _cCopy 2. |
||
| 082 | _bCAT | ||
| 100 | 1 |
_aCather, Willa, _d1873-1947. |
|
| 245 | 1 | 0 |
_aShadows on the rock / _cWilla Cather. |
| 260 |
_aNew York : _bA. A. Knopf, _c1931. |
||
| 300 |
_a280 p. ; _c20 cm. |
||
| 500 | _aAt head of title: By Willa Cather. | ||
| 500 | _a"First edition." | ||
| 651 | 0 |
_aCanada _xHistory _yTo 1763 (New France) _xFiction. |
|
| 655 | 7 |
_aHistorical fiction. _2gsafd |
|
| 942 |
_2ddc _cBK |
||
| 984 |
_aanl _c813.52 C363n <00595485> |
||
| 999 |
_c192699 _d192699 |
||